000 00769nam a2200229Ia 4500
003 GCL
008 140319s9999 xx 000 0 ara d
040 _aGCL /
_cGCL
082 0 4 _a770.28
_bى ت
100 1 _aيوسف عبدالشهيد
245 1 0 _aالتصوير الشمسى علما وعملا /
_cيوسف عبدالشهيد
700 1 _aياسين شيمى على
260 _a[S.N] :
_bدار المعارف
300 _a200 ص
490 _aالهيئة العامة للاستعلامات
_v0
650 0 4 _aالات التصوير
650 0 4 _aالحاسبات الالكترونية
650 0 4 _aالتصوير الضوئى
650 0 4 _aالتصوير - الطرق الفنية
650 0 4 _aالتصوير - اضاءة
942 _2ddc
_cBK
999 _c47834
_d47834